000 00727nab a22002297a 4500
001 08940
003 HDC
007 cr bn ---aaaaa
008 210128c20160324my ||||| |||| 00| 00may d
040 _aHDC
245 0 _aMalaysia kekal destinasi teratas pasaran kembara Islam
336 _atext
_2rdacontent
337 _acomputer
_2rdamedia
338 _aonline resource
_2rdacarrier
650 _aIslamic
_xtravel
_99358
650 _aTourism
_zMalaysia
_9217
710 _aUtusan Malaysia
856 _zRequest full-text at [email protected]
942 _2lcc
942 _cNEWS
942 _kNWSC 002237
999 _c6263
_d6263